Hindu Power in the 21st Century: (Record no. 187207)

MARC details
000 -LEADER
fixed length control field 00643nam a22001817a 4500
005 - DATE AND TIME OF LATEST TRANSACTION
control field 20220406114403.0
010 ## - LCCN (DPL NO)
LC control number ENG-132229
020 ## - INTERNATIONAL STANDARD BOOK NUMBER
International Standard Book Number 9789388409520
Terms of availability 695.00
035 ## - SYSTEM CONTROL NUMBER
System control number EN-115761
037 ## - SOURCE OF ACQUISITION
Source of stock number/acquisition DBAD/PUB
082 ## - DEWEY DECIMAL CLASSIFICATION NUMBER
Classification number 294.5170954
100 ## - MAIN ENTRY--PERSONAL NAME
Personal name Gautier, Francois
245 ## - TITLE STATEMENT
Title Hindu Power in the 21st Century:
Remainder of title Resistance, Fears and Obstacles/
Statement of responsibility, etc Francois Gautier
260 ## - PUBLICATION, DISTRIBUTION, ETC. (IMPRINT)
Place of publication, distribution, etc New Delhi
Name of publisher, distributor, etc Har-anand Publication PVT LTD
Date of publication, distribution, etc 2021
270 ## - ADDRESS
Address E-49/3, Okhla industrial Area, Phase-II New Delhi
City New Delhi
Postal code 110020
Telephone number 41603490
Electronic mail address info@haranandbook.com
300 ## - PHYSICAL DESCRIPTION
Extent 192p.
Dimensions 23cm(hbk)
942 ## - ADDED ENTRY ELEMENTS (KOHA)
Source of classification or shelving scheme Dewey Decimal Classification
Item type English Books
Call number suffix GAU
Classification part 294.5170954
Holdings
Withdrawn status Lost status Not for loan Collection code Home library Current library Date acquired Source of acquisition Cost, normal purchase price Full call number Barcode Copy number Cost, replacement price Koha item type
      Non-fiction Central Library Central Library 06/04/2022 DBAD/PUB 695.00 294.5170954 GAU EN-115761 1 695.00 English Books

© Delhi Public Library
Hit Counter
free hit counter